<?xml version="1.0" encoding="UTF-8"?>
<record
    xmlns:xsi="http://www.w3.org/2001/XMLSchema-instance"
    xsi:schemaLocation="http://www.loc.gov/MARC21/slim http://www.loc.gov/standards/marcxml/schema/MARC21slim.xsd"
    xmlns="http://www.loc.gov/MARC21/slim">

  <leader>00993nam0a22002531  4500</leader>
  <controlfield tag="001">rc\2813626</controlfield>
  <controlfield tag="005">20250810052350.0</controlfield>
  <datafield tag="035" ind1=" " ind2=" ">
    <subfield code="a">(NLR Aleph) 006939426</subfield>
  </datafield>
  <datafield tag="090" ind1=" " ind2=" ">
    <subfield code="a">7628602</subfield>
    <subfield code="c">7628602</subfield>
  </datafield>
  <datafield tag="100" ind1=" " ind2=" ">
    <subfield code="a">20250810              rusy50        </subfield>
  </datafield>
  <datafield tag="101" ind1="0" ind2=" ">
    <subfield code="a">rus</subfield>
  </datafield>
  <datafield tag="102" ind1=" " ind2=" ">
    <subfield code="a">RU</subfield>
  </datafield>
  <datafield tag="105" ind1=" " ind2=" ">
    <subfield code="a">a   z   |||||</subfield>
  </datafield>
  <datafield tag="200" ind1="1" ind2=" ">
    <subfield code="a">&#x41A;&#x43D;&#x438;&#x433;&#x430; &#x434;&#x43B;&#x44F; &#x447;&#x442;&#x435;&#x43D;&#x438;&#x44F; &#x43F;&#x43E; &#x440;&#x443;&#x441;&#x441;&#x43A;&#x43E;&#x43C;&#x443; &#x44F;&#x437;&#x44B;&#x43A;&#x443;</subfield>
    <subfield code="e">&#x414;&#x43B;&#x44F; 5-&#x433;&#x43E; &#x43A;&#x43B;&#x430;&#x441;&#x441;&#x430; &#x43E;&#x441;&#x435;&#x442;. &#x43D;&#x435;&#x43F;&#x43E;&#x43B;&#x43D;&#x43E;&#x439; &#x441;&#x440;&#x435;&#x434;. &#x438; &#x441;&#x440;&#x435;&#x434;. &#x448;&#x43A;&#x43E;&#x43B;&#x44B;</subfield>
    <subfield code="f">&#x421;. &#x421;. &#x414;&#x436;&#x430;&#x43D;&#x430;&#x435;&#x432;</subfield>
  </datafield>
  <datafield tag="210" ind1=" " ind2=" ">
    <subfield code="a">&#x414;&#x437;&#x430;&#x443;&#x434;&#x436;&#x438;&#x43A;&#x430;&#x443;</subfield>
    <subfield code="c">&#x421;&#x435;&#x432;.-&#x41E;&#x441;&#x435;&#x442;. &#x433;&#x43E;&#x441;. &#x438;&#x437;&#x434;-&#x432;&#x43E;</subfield>
    <subfield code="d">1945 [&#x432;&#x44B;&#x43F;&#x443;&#x441;&#x43A;. &#x434;&#x430;&#x43D;.: 1947]</subfield>
    <subfield code="e">&#x41F;&#x44F;&#x442;&#x438;&#x433;&#x43E;&#x440;&#x441;&#x43A;</subfield>
    <subfield code="g">&#x442;&#x438;&#x43F;. &#x438;&#x43C;. &#x410;&#x43D;&#x434;&#x436;&#x438;&#x435;&#x432;&#x441;&#x43A;&#x43E;&#x433;&#x43E;</subfield>
  </datafield>
  <datafield tag="215" ind1=" " ind2=" ">
    <subfield code="a">162 &#x441;.</subfield>
    <subfield code="c">&#x438;&#x43B;.</subfield>
    <subfield code="d">22 &#x441;&#x43C;.</subfield>
  </datafield>
  <datafield tag="700" ind1=" " ind2="1">
    <subfield code="a">&#x414;&#x436;&#x430;&#x43D;&#x430;&#x435;&#x432;</subfield>
    <subfield code="b">&#x421;.&#x421;.</subfield>
    <subfield code="g">&#x421;&#x435;&#x440;&#x433;&#x435;&#x439; &#x421;&#x430;&#x444;&#x43E;&#x43D;&#x43E;&#x432;&#x438;&#x447;</subfield>
  </datafield>
  <datafield tag="801" ind1=" " ind2="0">
    <subfield code="a">RU</subfield>
    <subfield code="b">NLR</subfield>
    <subfield code="g">psbo</subfield>
  </datafield>
  <datafield tag="801" ind1=" " ind2="1">
    <subfield code="a">RU</subfield>
    <subfield code="b">ELAR</subfield>
    <subfield code="2">rusmarc</subfield>
  </datafield>
  <datafield tag="852" ind1=" " ind2=" ">
    <subfield code="a">NLR</subfield>
    <subfield code="j">&#x42F;60 &#x413;-5/575</subfield>
  </datafield>
  <datafield tag="942" ind1=" " ind2=" ">
    <subfield code="c">BOOK</subfield>
  </datafield>
  <datafield tag="945" ind1=" " ind2=" ">
    <subfield code="a">&#x420;&#x43E;&#x441;&#x441;&#x438;&#x439;&#x441;&#x43A;&#x430;&#x44F; &#x43D;&#x430;&#x446;&#x438;&#x43E;&#x43D;&#x430;&#x43B;&#x44C;&#x43D;&#x430;&#x44F; &#x431;&#x438;&#x431;&#x43B;&#x438;&#x43E;&#x442;&#x435;&#x43A;&#x430;</subfield>
  </datafield>
  <datafield tag="980" ind1=" " ind2=" ">
    <subfield code="a">NB</subfield>
  </datafield>
  <datafield tag="980" ind1=" " ind2=" ">
    <subfield code="a">BV</subfield>
  </datafield>
  <datafield tag="995" ind1=" " ind2=" ">
    <subfield code="5">2013-10-26</subfield>
    <subfield code="b">NLR02</subfield>
    <subfield code="c">NLR02</subfield>
    <subfield code="e">RFS</subfield>
    <subfield code="f">6939426-10</subfield>
    <subfield code="k">&#x42F;60 &#x413;-5/575</subfield>
    <subfield code="o">0</subfield>
    <subfield code="r">BOOK</subfield>
    <subfield code="s">60_5575</subfield>
  </datafield>
</record>
